000
00315nam a2200121Ia 4500
008
220204s9999 xx 000 0 und d
082
_a
579.6
_b
ADV.34
245
0
_a
Advances in applied microbiology. V 34.
260
_a
New York
_b
Academic
_c
1989
650
_a
Crop improvement
650
_a
Gibberellin
942
_c
BK
999
_c
40134
_d
40134